00867nam a2200193 a 450000100100000000500170001000800410002702000150006804000250008310000310010824501450013926000890028430000280037370000300040104900090043195201050044095201110054599900170065600002629320200930024452.0110309s2001 dr 000 0 spa d a9993423254 aDO-SdBNPbspacBNPHU1 aRamia Yapur, José95331910aSemblanzas del poder :bel descubridor, presidentes y encargados del ejecutivo 1492-1930 /cJosé Ramia Yapur ; ilustración Silvano Lora. aSanto Domingo :bFundación Dr. José Ramia Yapur,c2001.fEditora Amigo del Hogar a111 p. :bil. ;c29 cm.1 aLora, Silvanoeil.945559 aBNPD 0010718PDaPDbPDcHDd2011-03-09iLF1l0o p26293-10r2020-06-25w2020-06-25yLFPDZNo se presta 0010718PDaPDbPDcCTd2012-11-12iLF1l0o p26293-20r2020-06-25te. 2w2020-06-25yLFPDZNo se presta c25785d25785